<?xml version="1.0" encoding="UTF-8"?>
<record
    xmlns:xsi="http://www.w3.org/2001/XMLSchema-instance"
    xsi:schemaLocation="http://www.loc.gov/MARC21/slim http://www.loc.gov/standards/marcxml/schema/MARC21slim.xsd"
    xmlns="http://www.loc.gov/MARC21/slim">

  <leader>00362    a2200145   4500</leader>
  <controlfield tag="005">20250627120245.0</controlfield>
  <datafield tag="020" ind1=" " ind2=" ">
    <subfield code="a">978-0-07-290027-9</subfield>
  </datafield>
  <datafield tag="082" ind1=" " ind2=" ">
    <subfield code="a">338.5 BER</subfield>
  </datafield>
  <datafield tag="100" ind1=" " ind2=" ">
    <subfield code="a">BERNHEIM,D.</subfield>
  </datafield>
  <datafield tag="245" ind1=" " ind2=" ">
    <subfield code="a">Microeconomics</subfield>
  </datafield>
  <datafield tag="260" ind1=" " ind2=" ">
    <subfield code="a">New Year,</subfield>
    <subfield code="b">McGraw Hill,</subfield>
    <subfield code="c">2008.</subfield>
  </datafield>
  <datafield tag="300" ind1=" " ind2=" ">
    <subfield code="a">xxiii, 812p.; ill.; figure, table</subfield>
    <subfield code="c">25cm.</subfield>
  </datafield>
  <datafield tag="700" ind1=" " ind2=" ">
    <subfield code="a">WHINSTON, M. D.</subfield>
  </datafield>
  <datafield tag="942" ind1=" " ind2=" ">
    <subfield code="2">ddc</subfield>
    <subfield code="c">BKS</subfield>
  </datafield>
  <datafield tag="999" ind1=" " ind2=" ">
    <subfield code="c">5612</subfield>
    <subfield code="d">5612</subfield>
  </datafield>
  <datafield tag="952" ind1=" " ind2=" ">
    <subfield code="r">2025-06-27 12:04:17</subfield>
    <subfield code="l">0</subfield>
    <subfield code="o">338.5 BER</subfield>
    <subfield code="p">DOM0003173</subfield>
    <subfield code="v">285000.00</subfield>
    <subfield code="w">2025-06-27</subfield>
    <subfield code="y">BKS</subfield>
    <subfield code="1">0</subfield>
    <subfield code="2">ddc</subfield>
    <subfield code="4">0</subfield>
    <subfield code="7">0</subfield>
    <subfield code="0">0</subfield>
    <subfield code="a">004</subfield>
    <subfield code="b">004</subfield>
    <subfield code="c">GEN</subfield>
    <subfield code="d">2010-12-20</subfield>
    <subfield code="g">95000.00</subfield>
  </datafield>
</record>
